LEADER 01597nam 2200409 450 001 9910705380303321 005 20140428085925.0 035 $a(CKB)5470000002449571 035 $a(OCoLC)878391589 035 $a(EXLCZ)995470000002449571 100 $a20140428d1934 ua 0 101 0 $aeng 135 $aurbn||||||||| 181 $ctxt$2rdacontent 182 $cc$2rdamedia 183 $acr$2rdacarrier 200 10$aAmendment to code of fair competition for the fabricated metal products manufacturing and metal finishing and metal coating industry as approved on June 27, 1934 210 1$aWashington :$cUnited States Government Printing Office,$d1934. 215 $a1 online resource (4 pages) 300 $aTitle from title screen (viewed Apr. 28, 2014). 300 $aAt head of title: National Recovery Administration. 300 $a"Registry no. 1118-06." 300 $a"Approved code no. 84--Amendment no. 2." 300 $aPublication pre-dates item numbers. No item number has been assigned. 517 3 $aFabricated metal products manufacturing and metal finishing and metal coating industry 606 $aMetal coating 606 $aMetals$xFinishing 606 $aMetal-work 615 0$aMetal coating. 615 0$aMetals$xFinishing. 615 0$aMetal-work. 801 0$bGPO 801 1$bGPO 906 $aBOOK 912 $a9910705380303321 996 $aAmendment to code of fair competition for the fabricated metal products manufacturing and metal finishing and metal coating industry as approved on June 27, 1934$93346257 997 $aUNINA